| 000 | 00401pam a2200157a 44500 | ||
|---|---|---|---|
| 008 | 230515b2006 xxu||||| |||| 00| 0 eng d | ||
| 020 | _a- | ||
| 041 | _aMARATHI | ||
| 082 | _a621.381`95 1 | ||
| 100 | _aVIRKAR PRATIBHA | ||
| 245 | _aMAHITI SAMPARK TANTRADNYAN ANI SHIKSHAN | ||
| 250 | _aI | ||
| 260 |
_aPUNE _b _c2006 |
||
| 300 | _a332 | ||
| 650 | _aMAHITI SAMPARK TANTRADNYAN ANI SHIKSHAN, CMPUTER | ||
| 999 |
_c517553 _d517553 |
||